000 00542nam a2200217Ia 4500
003 OSt
005 20220928143039.0
006 a|||||r|||| 00| 0
007 ta
008 220927b |||||||| |||| 00| 0 eng d
024 _a20675
037 _cTextual
040 _aSDCL
_cSDCL
_beng
041 _2eng
_aeng
082 _aO152:gxN122, M4
100 _aNathanasingh
_9504307
245 0 _aAlaochak Ramvilas Sharma.
260 _c1984
942 _hO152:gxN122, M4
_cTEXL
_2CC
999 _c822773
_d822773